000 00592nam a2200181 4500
001 148271
003 ES-MaACL
005 20230906202528.0
007 t|
008 070214s1963 sp r ||||1| spa d
100 1 _aStonier, Alfred W.
_9108317
245 1 0 _aManual de teoría económica /
_cAlfred W. Stonier, Douglas C. Hagne ; traducción del inglés por Oscar Lehanc Dasc.
260 _aMadrid :
_bAguilar,
_c[1963] (
_fHalar)
300 _aXX, 525 p. ;
_c24 cm.
700 1 _aHagne, Douglas C.
_961463
700 1 _aLehanc Dasc, Oscar.
_971321
852 _aES-MaACL
_jC-23630
_bR.52469
999 _c148271
_d148271